000 00631nam a2200181Ia 4500
003 SGT
020 _a9788126506385
082 _a5.8
_bSTE
100 _aTewart, James Michael
245 _aCISSP Certified Information Systems Security Professional study guide
250 _a3rd . Ed.
260 _bJohn Wiley & Sons
_aNew York
_c2005
300 _a759p.
650 _aCOMPUTER SCIENCE
653 _aACCOUNTABILITY AND ACCESS CONTROL, ATTACKS AND MONITORING, ISO MODEL,NETWORK SECURITY,AND PROJECT, SECURITY MANAGEMENT CONCEPT AND PRINCIPLES, DATA AND APPLICATION SECURITY ISSUES
700 _aChapple, Mike
942 _2ddc
_cBK
999 _c5649
_d5649